000 00780cam a22002657a 4500
003 CHAP
005 20220329133920.0
008 971013s1930 r 00010 d
010 _a12633
011 _a13605
035 _a17677
040 _cCHAP
090 _aFolleto 1161
100 0 0 _aGlassey, T. W.
_948257
245 0 _aSoil survey of the Nogales area, Arizona
260 _a(Washington :
_bBureau of Chemistry and Soils,
_c(1930)
300 _a32 p.
_b: ilus. ; mapa
590 _aBATCH-UPD
_b10
_c20130110
_lUCH01
_h2237
590 _aCONVERSION
_b10
_c20130109
_lUCH01
_h1308
650 1 4 _aSuelos
_xArizona.
_9110209
710 0 _aE.U.A. Department of Agriculture.
_934876
901 _aBK
942 _cFOLL
949 _aFolleto 1161
_bBC
_cFOLL
_d-41533
_eTS1
_i17677
_si
999 _c12633
_d12633